| 000 | 00744nam a2200205Ia 4500 | ||
|---|---|---|---|
| 003 | IN-BaIIA | ||
| 008 | 211028s9999 xx 000 0 eng d | ||
| 020 | _a978-3-319-03791-2 | ||
| 040 | _cIIA Library | ||
| 080 |
_a52(082.1) _bASS-404 |
||
| 245 | 0 |
_aAdvanced interferometers and the search for gravitational waves _blectures from the first VESF school on advanced detectors for gravitational waves _cedited by Massimo Bassan |
|
| 260 |
_aCham _bSpringer _c2014 |
||
| 300 | _axii, 387p. | ||
| 490 | _aAstrophysics and space science library; v. 404 | ||
| 650 |
_aGravitational waves _93825 |
||
| 650 |
_aInterferometers _92643 |
||
| 650 |
_aScience - Physics - Quantum theory _936319 |
||
| 700 |
_aBassan, Massimo, ed. _936320 |
||
| 942 | _cBK | ||
| 999 |
_c19023 _d19023 |
||